| 000 | 00563cam a2200193Ia 4500 | ||
|---|---|---|---|
| 020 | _a0072864702 | ||
| 020 | _a9780072864700 | ||
| 040 | _cVF# | ||
| 082 | _a658 MCG 2005 A054 Or. | ||
| 100 | 1 | _aPerreault, William D. | |
| 245 | 1 | 0 |
_aApplications in basic marketing : _bclippings from the popular business press / |
| 250 | _a2004-2005 ed. | ||
| 260 |
_aBoston, Mass. : _bMcGraw-Hill/Irwin, _cc2005. |
||
| 300 |
_avii, 214 p. : _bill. ; _c26 cm. |
||
| 500 | _aDonated by Dr. Greg Sojka. | ||
| 650 | 0 | _aMarketing | |
| 700 | 1 | _aMcCarthy, E. Jerome | |
| 942 | _cEK | ||
| 999 |
_c15336 _d15336 |
||